Armorial families. A directory of gentlemen of coat-armour. Compiled and edited by Arthur Charles Fox-Davies, of Lincoln's Inn, Barrister al law

Đã lưu trong:
Chi tiết về thư mục
Tác giả chính: Fox-Davies, Arthur Charles (Tác giả)
Định dạng: Sách
Ngôn ngữ:Tiếng Anh
Được phát hành: Londres T. C. & E. C. Jack 1910
Phiên bản:6a. ed
Những chủ đề:
Các nhãn: Thêm thẻ
Không có thẻ, Là người đầu tiên thẻ bản ghi này!

MARC

LEADER 00000nam a2200000 a 4500
001 UCJ7303
003 CL-VaPUC
008 070124e19100000UK |||||||||||||||||eng|d
082 0 4 |a 929  |b FOX  |2 21 
100 0 |a Fox-Davies, Arthur Charles  |e author  |9 515593 
245 1 0 |a Armorial families. A directory of gentlemen of coat-armour. Compiled and edited by Arthur Charles Fox-Davies, of Lincoln's Inn, Barrister al law 
250 |a 6a. ed 
300 |a 1803 p 
942 |c BK 
945 |d 20070124 00:00:00  |a rinostro 
260 |a Londres  |b T. C. & E. C. Jack  |c 1910 
500 |a Ilustraciones, Escudos de Armas.- Ex libris de John Atkinson 
600 0 7 |a ATKINSON, JOHN  |2 CL-VaPUC  |9 515594 
650 7 |a HERALDICA  |2 CL-VaPUC  |9 388228 
650 7 |a NOBILIARIA  |2 CL-VaPUC  |9 510073 
650 0 |a Ilustraciones  |9 369481 
650 0 |a Genealogía  |9 255285 
650 7 |a EX LIBRIS  |2 CL-VaPUC  |9 505186 
583 |a last modification  |c 20070124 00:00:00  |k Rodrigo Vera 
999 |c 323399  |d 323397 
952 |0 0  |1 0  |4 0  |6 929_000000000000000_FOX_1910  |7 0  |8 X  |9 402961  |a FDOBUD  |b FDOBUD  |d 2019-11-22  |i 1061267  |o 929 FOX 1910  |p 1061267  |r 2019-11-22  |w 2019-11-22  |y BK_X  |k BUD